000 00498nam a2200181Ia 4500
999 _c14590
_d14590
003 OSt
005 20201110132902.0
008 190216s9999||||xx |||||||||||||| ||und||
020 _a9788131516317
040 _coclc
082 _a803
_bABR/G
100 _aAbrams, M H
_95517
245 0 _aA Glossary Of Literary Terms /
_cM H Abrams
260 _bCengage Learning,
_c2012.
_aNew Delhi:
300 _a432p
650 _aEnglish
942 _cBK
_2ddc
_h803
_iABR/G
_k803
_mABR/G